Statistics for Perineum - 4 (Genitalia)

Click here to take the quiz!

General Stats

  • This quiz has been taken 36 times
  • The average score is 3 of 11

Answer Stats

HintAnswer% Correct
What is the common term for the female external genitalia?Vulva
85%
The penis is divided into three parts the root body and which third?Glans
37%
In the female genitalia, what is the name given to the fatty protuberence over the pubic symphysis?Mons pubis
33%
What is the name for the exit of the urethra from the penis?External urethral meatus
22%
What is the name for the mucous membrane that keeps the foreskin attatched to the penis?Frenulum
22%
Which is the widest part of it?Prostatic
22%
What is the name for the erectile tissue in the penis?Corpora cavernosum
15%
What is the name for the fascia that covers the penis?Buck's
7%
The male urethra can be split into three different sections, spongy, prostatic and which other?Membranous
4%
What is the name for the space between the labia minore where the urethra opens into?Vestibule
4%
What is the name of the layer of smooth muscle found in the skin of the scrotum?Dartos
0%

Score Distribution

Percentile by Number Answered

Percent of People with Each Score

Your Score History

You have not taken this quiz